| 000 | 00622cam a2200193 4500500 | ||
|---|---|---|---|
| 005 | 20260405003037.0 | ||
| 041 | _afre | ||
| 042 | _adc | ||
| 100 | 1 | 0 |
_aHytte, Naomi _eauthor |
| 245 | 0 | 0 | _aLa Peur ou la Liberté. Un nouveau modèle politique face aux populismes |
| 260 | _c2020. | ||
| 500 | _a30 | ||
| 690 | _aJan-Werner-Müller | ||
| 690 | _aJudith Shklar | ||
| 690 | _aLibéralisme | ||
| 690 | _aPopulisme | ||
| 786 | 0 | _nPhilosophie magazine | 138 | 4-5 | 2020-04-01 | p. 59-59 | 1951-1787 | |
| 856 | 4 | 1 | _uhttps://shs.cairn.info/magazine-philosophie-magazine-2020-4-5-page-59?lang=fr&redirect-ssocas=7080 |
| 999 |
_c2063860 _d2063860 |
||